000 00360nam a2200133Ia 4500
005 20260328104340.0
008 260328s9999||||xx |||||||||||||| ||und||
100 _aMonografías de Arquitectura
245 0 _aTectónica N°3 :
_b HORMIGON (I) /
_cMonografías de Arquitectura
260 _bDossier
300 _a107 p.
650 _aHORMIGÓN
942 _cBK
999 _c12050
_d12050